01005 2200313 4500001002100000005001500021035002000036007000300056008004100059020002200100082001500122084001700137100003100154245012400185250003500309300003100344650003800375700003200413504003300445264003900478336002100517337003000538338002300568040002200591090002200613850001200635999002200647990002200669INLIS00000000088406320240221114906 a0010-0224000610ta240220s2023 yoi g 000 | ind d a978-623-5283-89-004223a297.65 a297.65 BAG h0 aBagas KurniawanePengarang10aHMI untuk Indonesia :bgagasan kader HMI untuk Indonesia adil dan makmur /cBagas Kurniawan; penyunting, Moh. Ulul Azmi aCetakan Pertama, November 2023 aviii, 108 halaman ;c21 cm 4aIslam--xOrganisasi kemahasiswaan0 aUlul Azmi, Moh.ePenyunting aBibliografi: halaman 100-10631aSleman :bPhoenix Publisher,c2023 2rdacontentateks 2rdamediaatanpa perantara 2rdacarrieravolume aYOPDYOGbinderda aCB-D.11 2023-3556 aYOPDYOG aCB-D.11/2023-3556 aCB-D.11/2023-3556